Principios de un ciencia nueva sobre la naturaleza común de las naciones III: De la sabiduría poética, II
Gorde:
| Egile nagusia: | |
|---|---|
| Formatua: | Liburua |
| Hizkuntza: | Undetermined |
| Argitaratua: |
Buenos Aires, Argentina
Editorial Aguilar
1956
|
| Gaiak: | |
| Etiketak: |
Etiketa erantsi
Etiketarik gabe, Izan zaitez lehena erregistro honi etiketa jartzen!
|
MARC
| LEADER | 00000nam a2200000Ia 4500 | ||
|---|---|---|---|
| 008 | 170316s9999 xx 000 0 und d | ||
| 090 | |a 100 V-14p v.3 | ||
| 100 | |a Vico, Giambattista | ||
| 245 | |a Principios de un ciencia nueva sobre la naturaleza común de las naciones III: De la sabiduría poética, II | ||
| 260 | |a Buenos Aires, Argentina | ||
| 260 | |b Editorial Aguilar | ||
| 260 | |c 1956 | ||
| 300 | |a 178 páginas Tomo 3 | ||
| 650 | |a FILOSOFÍA | ||
| 650 | |a POLÍTICA POÉTICA | ||
| 650 | |a HISTORIA POÉTICA | ||
| 650 | |a FÍSICA POÉTICA | ||
| 650 | |a ASTRONOMÍA POÉTICA | ||
| 650 | |a CRONOLOGÍA POÉTICA | ||
| 650 | |a GEOGRAFIA POÉTICA | ||
| 999 | |c 17836 |d 17836 | ||
| 040 | |a cru BVZT | ||
| 942 | |c 15 D |h 100 V-14p v.3 |2 z | ||
